<?xml version="1.0" encoding="UTF-8"?>
<record
    xmlns:xsi="http://www.w3.org/2001/XMLSchema-instance"
    xsi:schemaLocation="http://www.loc.gov/MARC21/slim http://www.loc.gov/standards/marcxml/schema/MARC21slim.xsd"
    xmlns="http://www.loc.gov/MARC21/slim">

  <leader>00332nam a22001337a 4500</leader>
  <controlfield tag="005">20250828122627.0</controlfield>
  <controlfield tag="008">250828b        |||||||| |||| 00| 0 eng d</controlfield>
  <datafield tag="041" ind1=" " ind2=" ">
    <subfield code="a">Eng.</subfield>
  </datafield>
  <datafield tag="100" ind1=" " ind2=" ">
    <subfield code="a">Kulkarni, Anand &amp; Others</subfield>
    <subfield code="9">212845</subfield>
  </datafield>
  <datafield tag="245" ind1=" " ind2=" ">
    <subfield code="a">Business English   ( S.Y.B. A. )</subfield>
  </datafield>
  <datafield tag="260" ind1=" " ind2=" ">
    <subfield code="a">Pune</subfield>
    <subfield code="b">Vaibhav Book</subfield>
  </datafield>
  <datafield tag="300" ind1=" " ind2=" ">
    <subfield code="a">132</subfield>
  </datafield>
  <datafield tag="942" ind1=" " ind2=" ">
    <subfield code="c">BK</subfield>
  </datafield>
  <datafield tag="999" ind1=" " ind2=" ">
    <subfield code="c">367533</subfield>
    <subfield code="d">367533</subfield>
  </datafield>
  <datafield tag="952" ind1=" " ind2=" ">
    <subfield code="0">0</subfield>
    <subfield code="1">0</subfield>
    <subfield code="2">ddc</subfield>
    <subfield code="4">0</subfield>
    <subfield code="7">0</subfield>
    <subfield code="a">SSMM</subfield>
    <subfield code="b">SSMM</subfield>
    <subfield code="d">2025-08-28</subfield>
    <subfield code="e">Vaibhav book House</subfield>
    <subfield code="g">120.00</subfield>
    <subfield code="i">1964</subfield>
    <subfield code="l">1</subfield>
    <subfield code="p">SSMM-BK-33523</subfield>
    <subfield code="q">2025-10-11</subfield>
    <subfield code="r">2025-09-11 00:00:00</subfield>
    <subfield code="s">2025-09-11</subfield>
    <subfield code="w">2020-08-25</subfield>
    <subfield code="y">BK</subfield>
    <subfield code="z">010033523</subfield>
  </datafield>
  <datafield tag="952" ind1=" " ind2=" ">
    <subfield code="0">0</subfield>
    <subfield code="1">0</subfield>
    <subfield code="2">ddc</subfield>
    <subfield code="4">0</subfield>
    <subfield code="7">0</subfield>
    <subfield code="a">SSMM</subfield>
    <subfield code="b">SSMM</subfield>
    <subfield code="d">2025-08-28</subfield>
    <subfield code="e">Vaibhav book House</subfield>
    <subfield code="g">120.00</subfield>
    <subfield code="i">1964</subfield>
    <subfield code="l">6</subfield>
    <subfield code="p">SSMM-BK-33524</subfield>
    <subfield code="r">2026-03-24 10:31:51</subfield>
    <subfield code="s">2026-03-18</subfield>
    <subfield code="w">2020-08-25</subfield>
    <subfield code="y">BK</subfield>
    <subfield code="z">010033524</subfield>
  </datafield>
  <datafield tag="952" ind1=" " ind2=" ">
    <subfield code="0">0</subfield>
    <subfield code="1">0</subfield>
    <subfield code="2">ddc</subfield>
    <subfield code="4">0</subfield>
    <subfield code="7">0</subfield>
    <subfield code="a">SSMM</subfield>
    <subfield code="b">SSMM</subfield>
    <subfield code="d">2025-08-28</subfield>
    <subfield code="e">Vaibhav book House</subfield>
    <subfield code="g">120.00</subfield>
    <subfield code="i">1964</subfield>
    <subfield code="l">3</subfield>
    <subfield code="p">SSMM-BK-33525</subfield>
    <subfield code="r">2025-11-28 14:25:21</subfield>
    <subfield code="s">2025-11-24</subfield>
    <subfield code="w">2020-08-25</subfield>
    <subfield code="y">BK</subfield>
    <subfield code="z">010033525</subfield>
  </datafield>
  <datafield tag="952" ind1=" " ind2=" ">
    <subfield code="0">0</subfield>
    <subfield code="1">0</subfield>
    <subfield code="2">ddc</subfield>
    <subfield code="4">0</subfield>
    <subfield code="7">0</subfield>
    <subfield code="a">SSMM</subfield>
    <subfield code="b">SSMM</subfield>
    <subfield code="d">2025-08-28</subfield>
    <subfield code="e">Vaibhav book House</subfield>
    <subfield code="g">120.00</subfield>
    <subfield code="i">1964</subfield>
    <subfield code="l">2</subfield>
    <subfield code="p">SSMM-BK-33526</subfield>
    <subfield code="q">2025-09-30</subfield>
    <subfield code="r">2025-09-30 09:20:00</subfield>
    <subfield code="s">2025-09-30</subfield>
    <subfield code="w">2020-08-25</subfield>
    <subfield code="y">BK</subfield>
    <subfield code="z">010033526</subfield>
  </datafield>
  <datafield tag="952" ind1=" " ind2=" ">
    <subfield code="0">0</subfield>
    <subfield code="1">0</subfield>
    <subfield code="2">ddc</subfield>
    <subfield code="4">0</subfield>
    <subfield code="7">0</subfield>
    <subfield code="a">SSMM</subfield>
    <subfield code="b">SSMM</subfield>
    <subfield code="d">2025-08-28</subfield>
    <subfield code="e">Vaibhav book House</subfield>
    <subfield code="g">120.00</subfield>
    <subfield code="i">1964</subfield>
    <subfield code="l">6</subfield>
    <subfield code="p">SSMM-BK-33527</subfield>
    <subfield code="r">2026-02-05 09:50:30</subfield>
    <subfield code="s">2026-01-23</subfield>
    <subfield code="w">2020-08-25</subfield>
    <subfield code="y">BK</subfield>
    <subfield code="z">010033527</subfield>
  </datafield>
</record>
